000
00212nam a22000857a 4500
008
161128b xxu||||| |||| 00| 0 eng d
100
_9
1490
_a
Ken ham
245
_a
Answers acadamy
260
_a
America
_b
Master Books
_c
2005
999
_c
4215
_d
4215